Postkeynesovská teorie peněz - alternativní pohled

Názorové skupiny postkeynsovského smeru myslenia. Horizontalisti a zástancovia štrukturálnej endogenity peňazí. Endogénna ponuka peňazí, jej roviny. Štrukturálna teória endogénnych peňazí a finančné inovácie. Čiastočná endogénnosť a čiastočná exogénnosť ponuky peňazí. Vybrané postkeynsovské modely t...

Descrizione completa

Salvato in:
Dettagli Bibliografici
Autore principale: Sedláček, Petr
Natura: Capitolo di libro
Lingua:ceco
Soggetti:
Tags: Aggiungi Tag
Nessun Tag, puoi essere il primo ad aggiungerne!!

MARC

LEADER 00000naa a2200000 4500
001 r044985
005 20231002112549.4
041 0 |a cze 
044 |a CZ 
245 1 0 |a Postkeynesovská teorie peněz - alternativní pohled  |c Petr Sedláček 
520 |a Názorové skupiny postkeynsovského smeru myslenia. Horizontalisti a zástancovia štrukturálnej endogenity peňazí. Endogénna ponuka peňazí, jej roviny. Štrukturálna teória endogénnych peňazí a finančné inovácie. Čiastočná endogénnosť a čiastočná exogénnosť ponuky peňazí. Vybrané postkeynsovské modely teórie ponuky peňazí. 
610 2 0 |a teórie ekonomické 
610 2 0 |a peniaze 
610 2 0 |a makroekonomika 
610 2 0 |a keynesizmus 
610 2 0 |a teória peňažná 
610 2 0 |a postkeynesizmus 
100 1 |a Sedláček, Petr